00745nam a2200241Ia 450000500170000000800410001702000220005804100080008008200150008810000200010324500330012325000120015626000410016830000090020944000060021850000290022465000360025370000200028990600070030994200070031699900170032395201630034020251121234434.0230125s9999 xx 000 0 und d a978-81-8495-744-0 aeng a158.1bTRA aTracy B9215415 aWhat You Seek Is Seeking You a3rd Ed. c2017bJaico Publishing HouseaMumbai a234p v1 aPersonality Development  aPersonality Development9213420 aTracy B9215415 b27 cBK c96025d96025 00104070aHIMRbHIMRd2019-02-16ePritam Book Centreg350.00i10782l0o158.1 TRA B18429pHIMR-BK-18429r2023-01-25 00:00:00v323.00w2018-02-15yBKzB18429